| 000 | 00825nac a22002291u 4500 | ||
|---|---|---|---|
| 010 | _a 83014948 | ||
| 020 | _a0070026424 | ||
| 082 | 0 | 0 |
_a624.0212 _bAYE |
| 090 |
_c5914 _d5914 |
||
| 100 | _aAyers, Chesley. | ||
| 245 | 1 | 0 |
_aSpecifications for architecture, engineering, and construction / _cChesley Ayers. |
| 250 | _a2nd ed. | ||
| 260 |
_aNew York : _bMcGraw-Hill,c1984. _cc1984. |
||
| 300 |
_axiii, 568 p. : _bill. ; _c24 cm. |
||
| 500 | _aDistributer : Al-Ahram. | ||
| 504 | _aIncludes bibliographical references and index. | ||
| 511 | _aCatalogued By : Mahitab. | ||
| 650 | 0 | _aCivil engineering contracts. | |
| 650 | 0 | _aConstruction contracts. | |
| 942 |
_cBB _k624.0212AYE |
||
| 999 |
_c5914 _d5914 |
||